| 000 | 00383nam a22001337a 4500 | ||
|---|---|---|---|
| 005 | 20260115124531.0 | ||
| 008 | 260115b |||||||| |||| 00| 0 eng d | ||
| 020 | _a9789352697991 | ||
| 100 |
_aSingh Upinder _d2021 |
||
| 245 |
_aHandbook of Artifical intelligence _c/ Upinder Singh |
||
| 260 |
_aNew Delhi: _bRandom Publications: _c2021 |
||
| 300 |
_aviii, 289p. _c24cm |
||
| 942 |
_2ddc _cBK _n0 |
||
| 999 |
_c120 _d120 |
||